Statistics for Los Angeles Lakers: Most 3-PT FGs Each Year

Click here to take the quiz!

General Stats

  • This quiz has been taken 291 times
    (4 since last reset)
  • The average score is 28 of 45

Answer Stats

YearPlayer3-PT FGs% Correct
2001-2002Derek Fisher144
100%
2008-2009Derek Fisher120
100%
2015-2016Kobe Bryant133
100%
2011-2012Kobe Bryant87
100%
2010-2011Kobe Bryant115
100%
2007-2008Kobe Bryant150
100%
2006-2007Kobe Bryant137
100%
2005-2006Kobe Bryant180
100%
2003-2004Kobe Bryant71
100%
2002-2003Kobe Bryant124
100%
1991-1992Byron Scott54
75%
1987-1988Byron Scott62
75%
2023-2024D'Angelo Russell226
75%
2022-2023LeBron James121
75%
2019-2020LeBron James148
75%
1979-1980Magic Johnson7
75%
1989-1990Magic Johnson106
75%
1981-1982Magic Johnson6
75%
1990-1991Magic Johnson80
75%
1982-1983Michael Cooper5
75%
1983-1984Michael Cooper38
75%
1985-1986Michael Cooper63
75%
1986-1987Michael Cooper89
75%
1988-1989Michael Cooper80
75%
1984-1985Michael Cooper35
75%
1980-1981Michael Cooper4
75%
2014-2015Wesley Johnson91
75%
1997-1998Eddie Jones143
50%
2017-2018Kentavious Caldwell-Pope / Kyle Kuzma159
50%
2020-2021Kyle Kuzma137
50%
1994-1995Nick Van Exel183
50%
1993-1994Nick Van Exel123
50%
1995-1996Nick Van Exel144
50%
1996-1997Nick Van Exel177
50%
2016-2017Nick Young170
50%
2000-2001Rick Fox118
50%
2018-2019Kentavious Caldwell-Pope151
25%
2009-2010Metta World Peace105
25%
2012-2013Metta World Peace141
25%
1992-1993Anthony Peeler46
0%
2004-2005Chucky Atkins176
0%
1998-1999Glen Rice53
0%
1999-2000Glen Rice84
0%
2013-2014Jodie Meeks162
0%
2021-2022Malik Monk173
0%

Score Distribution

Percentile by Number Answered

Percent of People with Each Score

Your Score History

You have not taken this quiz since the last reset